LEADER 01168nam a2200277 u 4500 001 000000078387 003 CaOOAMICUS 005 20070226123426.0 008 040426s1958 gw u000 u ger u 035 $a10991891 040 $aDAI(R)$bita 041 1 $ager$hgrc 100 0 $aAristoteles,$d384-322 a.C.$0(OLS)http://pul/name/792 245 14$aDie Verfassung der Athener /$cAristoteles. 260 $aPaderborn :$bFerdinand Schöningh,$c1958. 300 $a109 S. ;$c19 cm 490 1 $aAristoteles die Lehrschriften.$aLehrschriften VII., Ethik und Politik ;$v5 700 1 $aGohlke, Paul.$0(OLS)http://pul/name/38049 830 0$aAristoteles die Lehrschriften.$nLehrschriften VII.$pEthik und Politik ;$v5.$0(OLS)http://pul/title/102703 850 $aPUL 852 $aPUL$W1$xDP1 Fondo Seidl$y56$m4 A 21$j55590$nBK-PRI$b $qFondi$B100542$CPULBib$Z2$F100542 $H $81 900 $aAristotle,$d 384-322 a.C.$9792 900 $aAristotele,$d384-322 a.C.$9792 941 1 $a1 996 $6245$aDie Verfassung der Athener$9(OLS)http://pul/title/102702 996 $6260$aPaderborn :$bFerdinand Schöningh$9(OLS)http://pul/publisher/51395 LEADER 01425nam a2200289 a 4500 001 000000154344 003 CaOOAMICUS 005 20160927152706.0 008 160927s2003 it u000 u ita r 032 $aLibriCat 040 $aPUL$bita 100 1 $aLorenzi, Carlo.$0(OLS)http://pul/name/98252 245 10$aSi quis a sanguine infantem...conparaverit :$bsul commercio di figli nel tardo impero /$cCarlo Lorenzi. 260 $aPerugia :$bUniversità degli studi di Perugia,$c©2003. 300 $a123 p. ; $c24 cm. 490 1 $aUniversità degli Studi di Perugia. Quaderni di Diritto e Processo ;$v02 500 $aIn testa al front.: Università degli studi di Perugia. 504 $aBibliografia in nota a piè pagina. 650 4$aDiritto romano$xStudi.$0(OLS)http://pul/subject/41786 710 2 $aUniversità degli studi di Perugia.$0(OLS)http://pul/name/5263 830 0$aQuaderni di Diritto e Processo (Università degli Studi di Perugia) ;$v02.$0(OLS)http://pul/title/193945 850 $aPUL 852 $aPUL$W1$xDP1 Fondo G. Barberini$y122$m4 G 11$j177406$qFondi$B180376$CPULBib$Z2$F180376 $HBar1472 $81 941 1 $a1 996 $6245$aSi quis a sanguine infantem...conparaverit :$bsul commercio di figli nel tardo impero$9(OLS)http://pul/title/193944 996 $6260$aPerugia :$bUniversità degli studi di Perugia$9(OLS)http://pul/publisher/64212